000 00545caa a22001572a 4500
001 005632
003 AR-FADEU
008 311216n########xxu####################dd
092 _a301
_bE79
100 _aLeach, Edmund
245 _aClaude Lévi-Strauss, antropólogo y filósofo
300 _aPP. 149-176
500 _aEn: Estructuralismo y antropología /ed. Eugene Fleischmann. Buenos Aires : Nueva Visión, 1969
942 _cBDGR
773 0 _011449
_910083
_a
_b
_dBuenos Aires
_o6439
_tESTRUCTURALISMO y antropología
_w( AR-FADEU) 005627
_x
_z
999 _c11454
_d11454